000 00303nam a22001337a 4500
008 170213b xxu||||| |||| 00| 0 eng d
020 _a9780763749132
041 _aeng
080 _23RD
_a61
100 _a4
101 _aSHM
245 _aESSENTIALS MEDICAL TERMINOLOGY
_cSTANFIELD, P
942 _2udc
_cBK
999 _c5317
_d5317